Quel personnage historique ? - Aléatoire - Statistiques

Statistiques générales
  • Ce quiz a été pris 552 fois
  • Le résultat moyen est 11 sur 15
Statistiques - réponses
Questions Réponses % Correct
Surnommé "le roi soleil". Louis XIV
99%
Fabuliste ayant écrit "la cigale et la fourmi". Jean De la Fontaine
96%
A "découvert l'Amérique". Christophe Colomb
95%
Dernière reine d’Égypte. Cléopâtre
95%
Le messie Chrétien. Jésus
95%
Leader Allemand de la seconde guerre mondiale. Adolf Hitler
93%
A peint "Mona Lisa". Léonard De Vinci
93%
A écrit "les misérables". Victor Hugo
93%
Auteur de "l'avare" ou "les fourberies de Scapin". Molière
90%
Compositeur Autrichien né en 1756. Wolfgang Amadeus Mozart
90%
Adolescente allemande née en 1929, connue pour avoir écrit un journal intime. Anne-Franck
89%
Il prononce un discours célèbre intitulé "I have a dream". Martin Luther King
89%
Chef gaulois vaincu à "Alésia" par César. Vercingétorix
89%
Premier ministre britannique pendant la Seconde Guerre mondiale. Winston Churchill
89%
Premier président de la Vème république Française. Charles de Gaulle
88%
Acteur né en 1889, devenu une idole du cinéma muet. Charlie Chaplin
88%
Épouse de Louis XVI. Marie-Antoinette d'Autriche
88%
Il a peint le plafond de la chapelle Sixtine. Michel-Ange
87%
Premier leader communiste Soviétique. Vladimir Lénine
87%
A peint "Guernica". Pablo Picasso
86%
Premier président des États-Unis d'Amérique. Georges Washington
85%
A trouvé le vaccin contre la rage. Louis Pasteur
85%
Fondateur de l'Islam. Mohamed
85%
Empereur Français,1804-1815. Napoléon
85%
Surnommée "la pucelle d'Orléans". Jeanne d'Arc
84%
Guide spirituel de l'Inde et du mouvement pour l'indépendance de ce pays. Mahatma Gandhi
83%
Mathématicien Grec qui a un théorème lié au triangle rectangle à son nom. Pythagore
83%
Roi Français couronné en 800. Charlemagne
82%
Cinéaste Américain de "film" comme Blanche-Neige ou le roi Lion. Walt Disney
81%
Première femme à avoir reçu le prix Nobel. Marie Curie
80%
Premier homme sur la lune. Neil Armstrong
80%
Inventeur de la production en série de l'automobile. Henry Ford
78%
Premier président noir d'Afrique du sud. Nelson Mandela
78%
Première femme Premier ministre du Royaume-Uni. Margaret Thatcher
76%
Inventeurs du cinématographe. Auguste et Louis Lumière
75%
A écrit "l’Iliade" et "l'Odyssée". Homere
74%
Personnage le plus important de la Bible hébraïque. Moïse
73%
Philosophe avec une célèbre citation "je pense donc je suis". René Descartes
72%
A écrit "l'origine des espèces". Charles Darwin
71%
A inventé la mécanique presse d'imprimerie. Johannes Gutenberg
69%
Compositeur de "Sonate au clair de lune". Ludwig van Beethoven
67%
On lui doit le célèbre "Penseur". Auguste Rodin
63%
A écrit Hamlet. William Shakespeare
63%
Physicien théoricien allemand, prix nobel en 1921. Albert Einstein
62%
Reine d'Angleterre de 1953 à 2022. Elisabeth II
62%
Il est l'auteur de la série de roman des "Rougon-Macquart". Émile Zola
57%
A mené ses éléphants à travers les alpes. Hannibal
53%
Inventeur du téléphone. Alexander Graham Bell
52%
Ses lois du mouvement expliquent comment les planètes bougent. Isaac Newton
52%
Appelé le "Libérateur" de l'Amérique latine. Simón Bolívar
50%
Fondateur de l'Empire mongol. Genghis Khan
49%
Inventeur du phonographe et de l'ampoule à incandescence. Thomas Edison
45%
Artiste américain né le 6 août 1928, un des principaux représentants du pop art. Andy Warhol
44%
Pape décédé en 2005. Jean-Paul II
40%
A écrit Oliver Twist. Charles Dickens
33%
A peint "Le déjeuner sur l'herbe". Édouard Manet
33%
Aviatrice qui a disparu au-dessus du Pacifique. Amelia Earhart
18%
Créateur de Huckleberry Finn. Mark Twain
11%
Aucun quiz correspondant
Distribution des résultats
% des personnes avec chaque résultat
Percentile par nombre de réponses
Votre historique - résultats
Vous n’avez pas pris ce quiz